Estatísticas para Estados Brasileiros com maior Litoral

Clique aqui para jogar o quiz

Estatísticas Gerais

  • Esse quiz foi jogado 104 vezes
  • A pontuação média é 11 de 17

Estatísticas das Respostas

QuilômetrosEstado% Correto
932Bahia
99%
640Maranhão
79%
622São Paulo
75%
623Rio Grande do Sul
74%
636Rio de Janeiro
72%
573Ceará
66%
562Pará
66%
531Santa Catarina
66%
410Rio Grande do Norte
64%
66Piauí
62%
392Espírito Santo
61%
98Paraná
59%
229Alagoas
56%
598Amapá
56%
187Pernambuco
56%
163Sergipe
56%
117Paraíba
55%

Distribuição das Pontuações

Percentil de Números Respondidos

Porcentagem de Pessoas com Cada Pontuação

Sua Pontuação Histórica

Você não jogou esse quiz